000
00286nam a2200121Ia 4500
008
190216s9999||||xx |||||||||||||| ||und||
100
_a
Venugopalan K
245
0
_a
Research Methodology
260
_b
Calicut University Publications
300
_a
279
650
_a
Commerce
942
_c
BK
999
_c
6974
_d
6974